LIBRARY & INFORMATION CENTRE, KCAET, TAVANUR

ONLINE PUBLIC ACCESS CATALOGUE (OPAC)

Elementary trigonometry / (Record no. 5428)

MARC details
000 -LEADER
fixed length control field 00405cam a2200169ua 4500
041 ## - LANGUAGE CODE
Language code of text/sound track or separate title eng
082 ## - DEWEY DECIMAL CLASSIFICATION NUMBER
Classification number 516.24
Item number HAL/EL
100 ## - MAIN ENTRY--AUTHOR NAME
Personal name Hall, H S .
245 ## - TITLE STATEMENT
Title Elementary trigonometry /
250 ## - EDITION STATEMENT
Edition statement 1 /
260 ## - PUBLICATION, DISTRIBUTION, ETC. (IMPRINT)
Place of publication London :
Name of publisher McMillon & Co Ltd ,
Year of publication 1962.
300 ## - PHYSICAL DESCRIPTION
Number of Pages 443 ; .
700 1# - ADDED ENTRY--PERSONAL NAME
Personal name Knight, S R .
942 ## - ADDED ENTRY ELEMENTS (KOHA)
Koha item type Books
Holdings
Withdrawn status Lost status Damaged status Home library Current library Date acquired Full call number Accession Number Koha item type
      KAUAET KAUAET 07/04/2012 516.24 4214 Books
free website counter